Modern British poetry : (Record no. 17583)
[ view plain ]
| 000 -LEADER | |
|---|---|
| fixed length control field | 00901nam a22002891 4500 |
| 001 - CONTROL NUMBER | |
| control field | 17583 |
| 003 - CONTROL NUMBER IDENTIFIER | |
| rucl marc code | BD-RjUL |
| 005 - DATE AND TIME OF LATEST TRANSACTION | |
| control field | 20211209000149.0 |
| 008 - FIXED-LENGTH DATA ELEMENTS--GENERAL INFORMATION | |
| fixed length control field | 140217s1942 nyu 001 1 eng d |
| 035 ## - SYSTEM CONTROL NUMBER | |
| System control number | (BD-RjUL)17641 |
| System control number | (OCoLC)1308032 |
| 040 ## - CATALOGING SOURCE | |
| Original cataloging agency | DLC |
| Transcribing agency | NOsU |
| Modifying agency | OCoLC |
| -- | DLC |
| -- | BD-RjUL |
| Language of cataloging | eng |
| 041 ## - LANGUAGE CODE | |
| Language code of text/sound track or separate title | eng |
| 082 00 - DEWEY DECIMAL CLASSIFICATION NUMBER | |
| Classification number | 821.0822 |
| Author mark and year | MOD 1942 |
| 245 10 - TITLE STATEMENT | |
| Title | Modern British poetry : |
| Remainder of title | a critical anthology, |
| Statement of responsibility, etc. | edited by Louis Untermeyer. |
| 250 ## - EDITION STATEMENT | |
| Edition statement | 5th rev. ed. |
| 260 ## - PUBLICATION, DISTRIBUTION, ETC. (IMPRINT) | |
| Place of publication, distribution, etc. | New York : |
| Name of publisher, distributor, etc. | Harcourt, Brace & World, |
| Date of publication, distribution, etc. | 1942. |
| 300 ## - PHYSICAL DESCRIPTION | |
| Pagination | xxiii, 506 p. ; |
| Size | 24 cm. |
| 500 ## - GENERAL NOTE | |
| General note | Includes biographical sketches of the poets. |
| 504 ## - BIBLIOGRAPHY, ETC. NOTE | |
| Bibliography, etc | Includes index. |
| 650 #0 - SUBJECT ADDED ENTRY--TOPICAL TERM | |
| Topical term or geographic name as entry element | English poetry |
| Chronological subdivision | 19th century. |
| 9 (RLIN) | 54204 |
| Topical term or geographic name as entry element | English poetry |
| Chronological subdivision | 20th century. |
| 9 (RLIN) | 53041 |
| 700 1# - ADDED ENTRY--PERSONAL NAME | |
| Personal name | Untermeyer, Louis, |
| Dates associated with a name | 1885-1977, |
| 942 ## - ADDED ENTRY ELEMENTS (KOHA) | |
| Source of classification or shelving scheme | Dewey Decimal Classification |
| Koha item type | Books |
| Lost status | Source of classification or shelving scheme | Damaged status | Not for loan | Collection code | Permanent Location | Current Location | Shelving location | Date acquired | Source of acquisition | Total Checkouts | Full call number | Date last seen | Copy number | Koha item type |
|---|---|---|---|---|---|---|---|---|---|---|---|---|---|---|
| Dewey Decimal Classification | Not For Loan | Fiction | Central Library, University of Rajshahi | Central Library, University of Rajshahi | Reading Room | 27/07/1962 | Asia foundation | 821.0822 MOD 1942 | 17/02/2014 | C-1 | Books |